Riconosci gli Stati dal satellite - Quiz n°10 - Statistics

Statistiche generali
  • Questo quiz è stato fatto 3 volte
  • Il punteggio medio è 6 su 10
Statistiche sulle risposte
con Immagini Risposta % Corretto
Bosnia ed Erzegovina
100%
Canada
100%
Iraq
100%
Nigeria
100%
Nuova Zelanda
67%
Bahrein
33%
Benin
33%
Bolivia
33%
Comore
33%
Giordania
33%
Nessun quiz corrispondente trovato
Distribuzione punteggi
Percentuale di utenti per punteggio
Percentile per numero di risposta
I tuoi punteggi nel tempo
Non hai fatto questo quiz